Preparation of nanosized nickel powder by direct-current electrolysis combined with high-voltage spark discharge; High Energy Chemistry; Vol. 51, iss. 3
| Parent link: | High Energy Chemistry Vol. 51, iss. 3.— 2017.— [P. 219-223] |
|---|---|
| Ente Autore: | |
| Altri autori: | , , , , |
| Riassunto: | Title screen The possibility of obtaining nanosized nickel powder by simultaneous dc electrolysis and high-voltage spark discharge has been explored. The powder has been prepared from a nickel sulfate-containing electrolyte using soluble nickel anodes at a cathodic current density in the range of 11000–19000 A/m2, a voltage on the spark gap of 12–16 kV, and a pulse repetition frequency of 0.5 Hz. The effect of various factors on the synthesis of the powder has been studied and the optimum conditions for its preparation have been found using mathematical experiment design. The size distribution of particles has been determined with a particle size analyzer. The BET specific surface area of the powder has been measured to be 11.7 ± 2.1 m2/g. |
| Lingua: | inglese |
| Pubblicazione: |
2017
|
| Soggetti: | |
| Accesso online: | https://doi.org/10.1134/S0018143917030055 |
| Natura: | MixedMaterials Elettronico Capitolo di libro |
| KOHA link: | https://koha.lib.tpu.ru/cgi-bin/koha/opac-detail.pl?biblionumber=667314 |
MARC
| LEADER | 00000naa0a2200000 4500 | ||
|---|---|---|---|
| 001 | 667314 | ||
| 005 | 20250310144856.0 | ||
| 035 | |a (RuTPU)RU\TPU\network\38519 | ||
| 035 | |a RU\TPU\network\37191 | ||
| 090 | |a 667314 | ||
| 100 | |a 20220315d2017 k||y0rusy50 ba | ||
| 101 | 0 | |a eng | |
| 102 | |a US | ||
| 135 | |a drcn ---uucaa | ||
| 181 | 0 | |a i | |
| 182 | 0 | |a b | |
| 200 | 1 | |a Preparation of nanosized nickel powder by direct-current electrolysis combined with high-voltage spark discharge |f K. S. Ibishev, V. P. Malyshev, S. V. Kim [et al.] | |
| 203 | |a Текст |c электронный | ||
| 300 | |a Title screen | ||
| 320 | |a [References: 20 tit.] | ||
| 330 | |a The possibility of obtaining nanosized nickel powder by simultaneous dc electrolysis and high-voltage spark discharge has been explored. The powder has been prepared from a nickel sulfate-containing electrolyte using soluble nickel anodes at a cathodic current density in the range of 11000–19000 A/m2, a voltage on the spark gap of 12–16 kV, and a pulse repetition frequency of 0.5 Hz. The effect of various factors on the synthesis of the powder has been studied and the optimum conditions for its preparation have been found using mathematical experiment design. The size distribution of particles has been determined with a particle size analyzer. The BET specific surface area of the powder has been measured to be 11.7 ± 2.1 m2/g. | ||
| 461 | |t High Energy Chemistry | ||
| 463 | |t Vol. 51, iss. 3 |v [P. 219-223] |d 2017 | ||
| 610 | 1 | |a электронный ресурс | |
| 610 | 1 | |a труды учёных ТПУ | |
| 610 | 1 | |a nickel powder | |
| 610 | 1 | |a electrolysis | |
| 610 | 1 | |a spark discharge | |
| 701 | 1 | |a Ibishev |b K. S. |g Kanat Sansyzbaevich | |
| 701 | 1 | |a Malyshev |b V. P. |g Vitaly Pavlovich | |
| 701 | 1 | |a Kim |b S. V. |g Sergey Vasiljevich | |
| 701 | 1 | |a Sarsembaev |b B. S. |g Bolat Shaymenovich | |
| 701 | 1 | |a Egorov |b N. B. |c chemical engineer |c Associate Professor of Tomsk Polytechnic University, Candidate of chemical science |f 1974- |g Nikolai Borisovich |3 (RuTPU)RU\TPU\pers\31207 |9 15403 | |
| 712 | 0 | 2 | |a Национальный исследовательский Томский политехнический университет |b Физико-технический институт |b Кафедра химической технологии редких, рассеянных и радиоактивных элементов (№ 43) |3 (RuTPU)RU\TPU\col\18733 |
| 801 | 2 | |a RU |b 63413507 |c 20220315 |g RCR | |
| 856 | 4 | |u https://doi.org/10.1134/S0018143917030055 | |
| 942 | |c CF | ||